000 00250nam a22001217a 4500
082 _a894.812.3
_bKUM/N
100 _aKUMAR, M S
245 _aNAGARAKKILY
260 _aTHRISSUR
_bSAMATHA
_c2015
300 _a104
650 _aSTORY
_zKERALA
942 _cBK
999 _c1611
_d1611